000 01214cad a22003135a 4500
001 i9780105453963
008 110519s1996 xxk l f
035 _a(Sirsi) u61692
041 _aeng
050 0 4 _a306.1 $2 18
110 _aUnited Kingdom
_kLaws, etc
_95044
240 _aThe Construction Act
245 _aHousing Grants, Construction and Regeneration Act 1996
_h[electronic resource]
260 _aLondon
_bHMSO
_c1996
520 _aKnown as The Construction Act.
650 _aBUILT ENVIRONMENT-BUILDING CONTRACT FORMS
650 _aHOUSING GRANTS CONSTRUCTION AND REGENERATION ACT 1996
650 _aHOUSING GRANTS
650 _aRENOVATION
650 _aREPAIRS
651 4 _aUnited Kingdom
_y
690 _aHOUSING
690 _aBUILT ENVIRONMENT-CONSTRUCTION MANAGEMENT-BUILDING CONTRACT ADMINISTRATION
690 _aMANAGEMENT-DISPUTE AVOIDANCE, MANAGEMENT AND RESOLUTION-DISPUTE MANAGEMENT AND RESOLUTION-ALTERNATIVE DISPUTE RESOLUTION-ADJUDICATION
690 _aBUILT ENVIRONMENT-CONSTRUCTION MARKET
856 4 0 _uhttps://www.legislation.gov.uk/ukpga/1996/53/contents
_z View this item free of charge at www.legislation.gov.uk
942 _n0
948 _c04/03/1997
999 _c94335
_d94335